000
00293nam a2200109Ia 4500
008
201217s9999 xx 000 0 und d
100
_a
Martin, James
245
0
_a
Information Engineering : Planning and Analysis ( Book II )
260
_a
New Jersey
_b
Prentice-Hall
300
_a
497
942
_c
BK
999
_c
8147
_d
8147